Statistics for U.S. License Plates By Description

Click here to take the quiz!

General Stats

  • This quiz has been taken 16 times
    (3 since last reset)
  • The average score is 6 of 14

Answer Stats

HintState(s)% Correct
Features snow and a bear.Alaska
100%
"First in Flight"North Carolina
100%
A rainbow with a white background.Hawaii
67%
"The Spirit of America"Massachusetts
67%
"Excelsior"New York
67%
Features a buffalo.North Dakota
67%
Has a horse riding cowboy tipping his hat.Wyoming
67%
Has the picture of a former president.Illinois/South Dakota
33%
"Vacationland"Maine
33%
Has had bright colors such as yellow and teal.New Mexico
33%
Has had the same basic design for over 50 years.Delaware
0%
County is displayed by a number.Montana/Nebraska/Wyoming
0%
The only state with a debossed license plate.Vermont
0%
Has the highest percentage of people with specialty plates.Virginia
0%

Score Distribution

Percentile by Number Answered

Percent of People with Each Score

Your Score History

You have not taken this quiz since the last reset